Trabzon ili tarım master planı : (Record no. 160193)
[ view plain ]
| 000 -LEADER | |
|---|---|
| fixed length control field | 01088 a2200265 4500 |
| 001 - CONTROL NUMBER | |
| control field | 160193 |
| 003 - CONTROL NUMBER IDENTIFIER | |
| control field | TR-AnTOB |
| 005 - DATE AND TIME OF LATEST TRANSACTION | |
| control field | 20230811150803.0 |
| 008 - FIXED-LENGTH DATA ELEMENTS--GENERAL INFORMATION | |
| fixed length control field | 071010s2003 tu 00000 tur |
| 040 ## - CATALOGING SOURCE | |
| Original cataloging agency | TOBB ETÜ |
| Language of cataloging | eng |
| Transcribing agency | TR-AnTOB |
| Description conventions | rda |
| 041 ## - LANGUAGE CODE | |
| Language code of text/sound track or separate title | Türkçe |
| 050 #1 - LIBRARY OF CONGRESS CALL NUMBER | |
| Classification number | HD2056.7 |
| Item number | .T73 2002 TOBBK |
| 090 ## - LOCALLY ASSIGNED LC-TYPE CALL NUMBER (OCLC); LOCAL CALL NUMBER (RLIN) | |
| Classification number (OCLC) (R) ; Classification number, CALL (RLIN) (NR) | HD2056.7 .T73 2002 TOBBK |
| 245 #0 - TITLE STATEMENT | |
| Title | Trabzon ili tarım master planı : |
| Remainder of title | İl tarım ve kırsal kalkınma master planlarının hazırlanmasına destek projesi / |
| Statement of responsibility, etc. | T. C. Tarım ve Köyişleri Bakanlığı Araştırma Planlama ve Koordinasyon Kurulu Başkanlığı Trabzon Tarım İl Müdürlüğü Trabzon Tarımsal Master Plan Hazırlama Ekibi Hasan Ara...[ve başkl.]. |
| 264 #1 - PRODUCTION, PUBLICATION, DISTRIBUTION, MANUFACTURE, AND COPYRIGHT NOTICE | |
| Place of production, publication, distribution, manufacture | [Trabzon]: |
| Name of producer, publisher, distributor, manufacturer | Tarım ve Köy İşleri Bakanlığı Trobzon Tarım İl Müdürlüğü, |
| Date of production, publication, distribution, manufacture, or copyright notice | 2002. |
| 300 ## - PHYSICAL DESCRIPTION | |
| Extent | 164 s.: |
| Other physical details | hrt.,tabl.; |
| Dimensions | 29 cm. |
| 650 #0 - SUBJECT ADDED ENTRY--TOPICAL TERM | |
| Topical term or geographic name entry element | Tarım ve devlet |
| Geographic subdivision | Türkiye |
| -- | Trabzon |
| 9 (RLIN) | 66333 |
| Topical term or geographic name entry element | Agriculture and state |
| Geographic subdivision | Turkey |
| -- | Trabzon |
| 9 (RLIN) | 66334 |
| 700 #1 - ADDED ENTRY--PERSONAL NAME | |
| Personal name | Ara, Hasan |
| 9 (RLIN) | 66330 |
| Personal name | Baki, O. Nuri |
| 9 (RLIN) | 66331 |
| 901 ## - LOCAL DATA ELEMENT A, LDA (RLIN) | |
| a | T000394 |
| 902 ## - LOCAL DATA ELEMENT B, LDB (RLIN) | |
| a | MÇ |
| 942 ## - ADDED ENTRY ELEMENTS (KOHA) | |
| Koha item type | Book |
| Source of classification or shelving scheme | Library of Congress Classification |
| Withdrawn status | Lost status | Source of classification or shelving scheme | Materials specified (bound volume or other part) | Not for loan | Collection code | Home library | Current library | Shelving location | Date acquired | Source of acquisition | Cost, normal purchase price | Serial Enumeration / chronology | Total Checkouts | Total Holds | Full call number | Barcode | Copy number | Date shelved | Koha item type |
|---|---|---|---|---|---|---|---|---|---|---|---|---|---|---|---|---|---|---|---|
| c.1 | Ödünç Verilebilir / Available | TOBB Kütüphanesi Bağış Koleksiyonu - Klasik | Merkez Kütüphane | Merkez Kütüphane | TOBB Bağışı Koleksiyonu / TOBB Gift Collection | 15/12/2007 | Dağıtım / Compilation | 0.01 | 1 | HD2056.7 .T73 2002 TOBBK | T000394 | 1 | 21/04/2010 | Book |
